LDR 00669naa#a2200193#i#450# 001 EN\\bibl\120463 005 20260604141409.4 011 ## _a1998-6785 100 ## _a20220321b2022####ek#y0engy0150####ca 102 ## _aRU 200 1# _aRegional policy of international investment projects development in Primorsky Territory: conditions, prospects, tools _eJournal article 210 1# _aVladivostok _cVladivostok State University _d2022 215 ## _a13 с. 608 ## _aJournal article _2local 675 ## _aОтдельные теории. 336.018 _z 700 #1 _aGrivanov _gRoman I. 700 #1 _aKrasova _gElena Viktorovna 700 #1 _aVrublevskii _gVladislav V. 856 4# _aojkum.editorum.ru _u